| 000 | 00505nam a2200157Ia 4500 | ||
|---|---|---|---|
| 008 | 240729s9999 xx 000 0 und d | ||
| 022 | _a2360-3445 | ||
| 245 | 0 | _aAnthropological Researches and Studies | |
| 260 | _aRomania | ||
| 260 | _b“Francisc I. Rainer†Anthropology Institute of the Romanian Academy. | ||
| 650 | _a Anthropology | ||
| 650 | _aGeography. Anthropology. Recreation | ||
| 856 | _uhttps://doaj.org/toc/d515c462c1d64954b49addb5d905b03c | ||
| 942 | _2ddc | ||
| 942 | _cDOAJEJ | ||
| 999 |
_c72843 _d72843 |
||
| 945 |
_a1 _bMadushi Gamage _c1 _dMadushi Gamage |
||